Online
Catalog

¡Buen viaje! : (Record no. 11569)

MARC details
000 -CABECERA
campo de control de longitud fija 00649cam a2200193 a 4500
001 - NÚMERO DE CONTROL
campo de control 000011899
005 - FECHA Y HORA DE LA ÚLTIMA TRANSACCIÓN
campo de control 20200929162617.0
008 - DATOS DE LONGITUD FIJA--INFORMACIÓN GENERAL
campo de control de longitud fija 080410s2000 nyua 001 0 spa d
020 ## - NÚMERO INTERNACIONAL ESTÁNDAR DEL LIBRO
Número Internacional Estándar del Libro 0026412586
040 ## - FUENTE DE LA CATALOGACIÓN
Centro catalogador/agencia de origen DO-SdBNP
Lengua de catalogación spa
Centro/agencia transcriptor BNPHU
082 ## - NÚMERO DE LA CLASIFICACIÓN DECIMAL DEWEY
Número de clasificación 468.2421
Número de documento/Ítem S355b
100 1# - ENTRADA PRINCIPAL--NOMBRE DE PERSONA
Nombre de persona Schmitt, Conrad J.
9 (RLIN) 28139
245 11 - MENCIÓN DE TÍTULO
Título ¡Buen viaje! :
Resto del título Glencoe spanish 1B /
Mención de responsabilidad, etc. Conrad J. Schmitt, Protase E. Woodford.
260 ## - PUBLICACIÓN, DISTRIBUCIÓN, ETC.
Lugar de publicación, distribución, etc. New York :
Nombre del editor, distribuidor, etc. Glencoe/McGraw-Hill,
Fecha de publicación, distribución, etc. 2000.
300 ## - DESCRIPCIÓN FÍSICA
Extensión xxii, R33, 514 p. :
Otras características físicas il. ;
Dimensiones 27 cm.
650 #4 - PUNTO DE ACCESO ADICIONAL DE MATERIA--TÉRMINO DE MATERIA
Término de materia o nombre geográfico como elemento de entrada Español
Subdivisión general Enseñanza
9 (RLIN) 406
650 #4 - PUNTO DE ACCESO ADICIONAL DE MATERIA--TÉRMINO DE MATERIA
Término de materia o nombre geográfico como elemento de entrada Español
Subdivisión general Gramática
-- Enseñanza básica
9 (RLIN) 19095
700 1# - PUNTO DE ACCESO ADICIONAL--NOMBRE DE PERSONA
Nombre de persona Woodford, Protase E.
9 (RLIN) 28140
Holdings
Estado de retiro Estado de pérdida Restricciones de uso No para préstamo Código de colección Localización permanente Ubicación/localización actual Ubicación en estantería Fecha de adquisición Número de inventario Total de préstamos Signatura topográfica completa Código de barras Fecha visto por última vez Precio válido a partir de Tipo de ítem Koha Número de copia
      Excluido de préstamo Monografías: Libros y Folletos General General Depósito 29.10.2009 LF1   468.2421 S355b 11899-10 25.06.2020 25.06.2020 No se presta  
      Excluido de préstamo Monografías: Libros y Folletos General General Depósito 29.10.2009 LF1   468.2421 S355b 11899-20 25.06.2020 25.06.2020 No se presta e. 2
  Extraviado     Monografías: Libros y Folletos General General Extraviado 22.05.2017 LF1   468.2421 S355b 11899-30 25.06.2020 25.06.2020 Préstamo en sala e. 3
  Extraviado     Monografías: Libros y Folletos General General Extraviado 22.05.2017 LF1   468.2421 S355b 11899-40 25.06.2020 25.06.2020 Préstamo en sala e. 4

Powered by Koha